| 000 | 00435nam a2200169Ia 4500 | ||
|---|---|---|---|
| 005 | 20250923144817.0 | ||
| 008 | 008 250917s9999 xx 000 0 eng d | ||
| 037 | _aTextual | ||
| 040 |
_aDSWL _beng _cDSWL |
||
| 041 |
_aeng _2eng |
||
| 084 | _qDSWL | ||
| 245 | 0 | _aInternational child welfare review 1962 | |
| 260 |
_aGeneva _bInternationUnion for Chil _c1962 |
||
| 300 | _a271p. | ||
| 942 | _cTEXL | ||
| 999 |
_c1443642 _d1443642 |
||